| 000 | 00406nam a2200157Ia 4500 | ||
|---|---|---|---|
| 008 | 100122s9999 xx 000 0 und d | ||
| 082 |
_b59666 _aB823.08 |
||
| 100 | _aARORA | ||
| 245 | _aCLASSIC COLLECTION FOR CHILDREN | ||
| 250 | _a0 | ||
| 260 |
_bARORA BOOK COMPANY _c2001 |
||
| 300 | _a76 | ||
| 630 | _aCLASSIC COLLECTION FOR CHILDREN | ||
| 730 | _aCLASSIC COLLECTION FOR CHILDREN | ||
| 942 | _cBOOK | ||
| 999 |
_c377619 _d377616 |
||